Changes in food consumption patterns in the Republic of Korea (Record no. 226271)

000 -LEADER
fixed length control field 00349cam a22001097a 4500
008 - FIXED-LENGTH DATA ELEMENTS--GENERAL INFORMATION
fixed length control field 180718b1990 xxu||||| |||| 00| 0 eng d
100 ## - MAIN ENTRY--PERSONAL NAME
Personal name Ingco, Merlinda D.
245 ## - TITLE STATEMENT
Title Changes in food consumption patterns in the Republic of Korea
Statement of responsibility, etc. by Merlinda D. Ingco
260 ## - PUBLICATION, DISTRIBUTION, ETC.
Place of publication, distribution, etc. Washington, D.C.
Name of publisher, distributor, etc. IBRD
Date of publication, distribution, etc. 1990
300 ## - PHYSICAL DESCRIPTION
Extent 47p.
440 ## - SERIES STATEMENT/ADDED ENTRY--TITLE
Title Working Papers WPS 506
Holdings
Withdrawn status Lost status Damaged status Not for loan Permanent Location Current Location Date acquired Barcode Date last seen Price effective from Koha item type
        Indian Institute of Public Administration Indian Institute of Public Administration 1993-05-27 WB2458 2018-07-20 2018-07-20 WB

Powered by Koha